Central Library OPAC University of Rajshahi

বিদ্যাসাগর / (Record no. 74359)

MARC details
000 -LEADER
fixed length control field 00903nam a2200265 a 4500
001 - CONTROL NUMBER
control field 74359
003 - CONTROL NUMBER IDENTIFIER
rucl marc code BD-RjUL
005 - DATE AND TIME OF LATEST TRANSACTION
control field 20211209082536.0
008 - FIXED-LENGTH DATA ELEMENTS--GENERAL INFORMATION
fixed length control field 180724s2018 bg ||||| b||| 00| 0 ben d
020 ## - INTERNATIONAL STANDARD BOOK NUMBER
International Standard Book Number 9789849323242
Terms of availability :Tk. 120.00
035 ## - SYSTEM CONTROL NUMBER
System control number (BD-RjUL)74577
040 ## - CATALOGING SOURCE
Original cataloging agency BD-RjUL
Language of cataloging eng
Transcribing agency BD-RjUL
041 ## - LANGUAGE CODE
Language code of text/sound track or separate title eng
082 ## - DEWEY DECIMAL CLASSIFICATION NUMBER
Edition number 23
Classification number 371.10092
Author mark and year RAB 2018
100 1# - MAIN ENTRY--PERSONAL NAME
Personal name রায়, কানাই লাল
9 (RLIN) 221898
245 10 - TITLE STATEMENT
Title বিদ্যাসাগর /
Statement of responsibility, etc. কানাই লাল রায়,
260 ## - PUBLICATION, DISTRIBUTION, ETC. (IMPRINT)
Place of publication, distribution, etc. ঢাকা ঃ
Name of publisher, distributor, etc. সময় প্রকাশন ,
Date of publication, distribution, etc. ২০১৮
300 ## - PHYSICAL DESCRIPTION
Pagination ৮৪ পৃ. ;
Size ২২ সেমি.
504 ## - BIBLIOGRAPHY, ETC. NOTE
Bibliography, etc গ্রন্থপঞ্জি সংযোজিত
600 ## - SUBJECT ADDED ENTRY--PERSONAL NAME
Personal name বিদ্যাসাগর
Personal name viddyasagar
650 ## - SUBJECT ADDED ENTRY--TOPICAL TERM
Topical term or geographic name as entry element জীবনী
9 (RLIN) 221901
Topical term or geographic name as entry element Biography
9 (RLIN) 221902
942 ## - ADDED ENTRY ELEMENTS (KOHA)
Source of classification or shelving scheme Dewey Decimal Classification
Koha item type Books
Holdings
Lost status Source of classification or shelving scheme Damaged status Not for loan Collection code Permanent Location Current Location Shelving location Date acquired Source of acquisition Cost, normal purchase price Total Checkouts Full call number Date last seen Copy number Koha item type
  Dewey Decimal Classification   Not For Loan Non-fiction Central Library, University of Rajshahi Central Library, University of Rajshahi Reading Room 24/04/2018 Author 120.00   B 371.10092 RAB 2018 24/07/2018 C-1 Books